Central Library || Chittagong University

Symbolic functioning in childhood ./ (Record no. 111688)

MARC details
000 -LEADER
fixed length control field 00483nam a22001697a 4500
003 - CONTROL NUMBER IDENTIFIER
control field BD-ChCU
005 - DATE AND TIME OF LATEST TRANSACTION
control field 20260222105841.0
008 - FIXED-LENGTH DATA ELEMENTS--GENERAL INFORMATION
fixed length control field 260222b bg ||||| |||| 00| 0 ben d
040 ## - CATALOGING SOURCE
Transcribing agency BD-ChCU
082 ## - DEWEY DECIMAL CLASSIFICATION NUMBER
Classification number 155.4 STM
100 ## - MAIN ENTRY--PERSONAL NAME
Personal name Nancy R. Smith.
9 (RLIN) 20478
245 ## - TITLE STATEMENT
Title Symbolic functioning in childhood ./
Statement of responsibility, etc. R. Smith , Nancy .
260 ## - PUBLICATION, DISTRIBUTION, ETC.
Place of publication, distribution, etc. New Jersey :
Name of publisher, distributor, etc. Lawrence Erlbaum Associates,
Date of publication, distribution, etc. C 1979
300 ## - PHYSICAL DESCRIPTION
Extent x , 240p.
650 #0 - SUBJECT ADDED ENTRY--TOPICAL TERM
Topical term or geographic name entry element Child Psychology .
9 (RLIN) 20479
942 ## - ADDED ENTRY ELEMENTS (KOHA)
Source of classification or shelving scheme Dewey Decimal Classification
Koha item type Books
Suppress in OPAC No
Holdings
Withdrawn status Lost status Source of classification or shelving scheme Damaged status Not for loan Home library Current library Shelving location Date acquired Source of acquisition Total Checkouts Full call number Barcode Date last seen Copy number Price effective from Koha item type
    Dewey Decimal Classification     Chittagong University Library Chittagong University Library Arts and Humanities Reading Room 02/22/2026 Purchase   155.4STM 123527 02/22/2026 C-1 02/22/2026 Books
    Dewey Decimal Classification     Chittagong University Library Chittagong University Library Arts and Humanities Reading Room 02/22/2026 Purchase   155.4 STM 123528 02/22/2026 C-2 02/22/2026 Books
    Dewey Decimal Classification     Chittagong University Library Chittagong University Library Arts and Humanities Reading Room 02/22/2026 Purchase   155.4 SYM 123529 02/22/2026 C-3 02/22/2026 Books
    Dewey Decimal Classification     Chittagong University Library Chittagong University Library Arts and Humanities Reading Room 02/22/2026 Purchase   155.4 SYM 123530 02/22/2026 C-4 02/22/2026 Books
    Dewey Decimal Classification     Chittagong University Library Chittagong University Library Arts and Humanities Reading Room 02/22/2026 Purchase   155.4 SYM 123531 02/22/2026 C-5 02/22/2026 Books
© Copyright 2025. Chittagong University Library, Installation and Maintenance by Prof. Dr. Md. Alamgir, 01711306253